All because of a cup of coffee / (Record no. 1735)

MARC details
000 -LEADER
fixed length control field 00986cam a2200289 a 4500
005 - DATE AND TIME OF LATEST TRANSACTION
control field 20230925132251.0
020 ## - INTERNATIONAL STANDARD BOOK NUMBER
International Standard Book Number 0439559723
040 ## - CATALOGING SOURCE
Original cataloging agency DLC
Transcribing agency DLC
Modifying agency DLC
050 00 - LIBRARY OF CONGRESS CALL NUMBER
Classification number PZ7
Item number .A39853 2004
082 00 - DEWEY DECIMAL CLASSIFICATION NUMBER
Classification number [Fic]
Edition number 22
100 ## - MAIN ENTRY--PERSONAL NAME
Personal name Stilton, Geronimo
245 10 - TITLE STATEMENT
Title All because of a cup of coffee /
Statement of responsibility, etc. Geronimo Stilton ; [illustrations by Larry Keys, revised by Topetti & Rattozzi].
260 ## - PUBLICATION, DISTRIBUTION, ETC.
Place of publication, distribution, etc. New York :
Name of publisher, distributor, etc. Scholastic,
Date of publication, distribution, etc. 2004
300 ## - PHYSICAL DESCRIPTION
Extent 112 pages :
Other physical details color illustrations, maps ;
Dimensions 20 cm.
505 ## - FORMATTED CONTENTS NOTE
Formatted contents note F
520 ## - SUMMARY, ETC.
Summary, etc. Geronimo, broken-hearted after a failed romance, sets out with his family to explore the Eighth Wonder of the Mouse World.
521 0# - TARGET AUDIENCE NOTE
Target audience note 420 <br/>
Source Lexile
521 1# - TARGET AUDIENCE NOTE
Target audience note F <br/>
Source Raz-Plus
650 #1 - SUBJECT ADDED ENTRY--TOPICAL TERM
Topical term or geographic name entry element Mice
Form subdivision Fiction.
650 #1 - SUBJECT ADDED ENTRY--TOPICAL TERM
Topical term or geographic name entry element Journalists
Form subdivision Fiction.
650 #1 - SUBJECT ADDED ENTRY--TOPICAL TERM
Topical term or geographic name entry element Explorers
Form subdivision Fiction.
650 #1 - SUBJECT ADDED ENTRY--TOPICAL TERM
Topical term or geographic name entry element Adventure and adventurers
Form subdivision Fiction.
650 #1 - SUBJECT ADDED ENTRY--TOPICAL TERM
Topical term or geographic name entry element Humorous stories.
906 ## - LOCAL DATA ELEMENT F, LDF (RLIN)
a 7
b cbc
c orignew
d 2
e ncip
f 20
g y-gencatlg
942 ## - ADDED ENTRY ELEMENTS (KOHA)
Source of classification or shelving scheme Dewey Decimal Classification
Koha item type Books
Suppress in OPAC No
999 ## -
-- 1735
-- 1735
Holdings
Withdrawn status Lost status Source of classification or shelving scheme Damaged status Not for loan Collection Home library Current library Shelving location Date acquired Total Checkouts Full call number Barcode Date last seen Date last checked out Copy number Price effective from Koha item type
    Dewey Decimal Classification     Juvenile Fiction Footprints International School Library Network Toul Kork Campus Footprints International School Library Network Toul Kork Campus TK Primary Library Room(4th Floor), Bookcase 1&2, Shelves 1-16, Dark Blue Books 09/25/2023 2 STI Fic PZ7.A39853 FISTK05261 03/27/2025 03/19/2025 1 09/25/2023 Books
    Dewey Decimal Classification     Juvenile Fiction Footprints International School Library Network Toul Kork Campus Footprints International School Library Network Toul Kork Campus TK Primary Library Room(4th Floor), Bookcase 1&2, Shelves 1-16, Dark Blue Books 09/25/2023 1 STI Fic PZ7.A39853 FISTKG3A044 03/15/2024 01/12/2024 2 09/25/2023 Books